000 00844nab a2200253 u 4500
001 11299
003 HDC
007 cr bn ---aaaaa
008 210206c9999 |r|noo 0 a eng d
040 _aHDC
110 _aSmart Oman.com
245 0 _aA'Saffa is your answer to 'real halal' chicken and food products
260 _a[no place] :
_b[publisher not identified],
_c[no year]
336 _atext
_2rdacontent
337 _acomputer
_2rdamedia
338 _aonline resource
_2rdacarrier
650 _aA'Saffa chicken
_911602
650 _aFood products
_92068
650 _apoultry products
_911603
856 _zRequest full-text at [email protected]
942 _2lcc
942 _cNEWS
942 _kNWSO 001304
999 _c8622
_d8622